000 00263nam a2200109Ia 4500
008 220204s9999 xx 000 0 und d
082 _a595.7
_bLEW
100 _aLewis, H L
245 0 _aButterflies of the world
260 _aLondon
_bG G Harrap
_c1973
942 _cBK
999 _c25539
_d25539